Maltrato infantil : (Record no. 123736)

MARC details
000 -CABECERA
campo de control de longitud fija 00791nam a2200205 a 4500
005 - FECHA Y HORA DE LA ÚLTIMA TRANSACCIÓN
campo de control 20230311063727.0
008 - ELEMENTOS DE LONGITUD FIJA--INFORMACIÓN GENERAL
campo de control de longitud fija 070829s2003 mx r 000 0 spa d
020 ## - NÚMERO INTERNACIONAL NORMALIZADO PARA LIBROS
Número Internacional Estándar del Libro 9506793123
035 ## - NÚMERO DE CONTROL DEL SISTEMA
Número de control de sistema UPN01000151600
049 ## - COLECCIÓN
Colección CG
050 #4 - SIGNATURA TOPOGRÁFICA DE LA BIBLIOTECA DEL CONGRESO
Número de clasificación HV6570
Número de documento/Ítem M3.4
245 00 - MENCIÓN DE TÍTULO
Título Maltrato infantil :
Resto del título riesgos del compromiso profesional /
Mención de responsabilidad, etc. María Inés Bringiotti ... [et al.] ; comp. Silvio Lamberti.
260 ## - PUBLICACIÓN, DISTRIBUCIÓN, ETC.
Lugar de publicación, distribución, etc. Buenos Aires :
Nombre del editor, distribuidor, etc. Universidad,
Fecha de publicación, distribución, etc. 2003.
300 ## - DESCRIPCIÓN FÍSICA
Extensión 301 p.
500 ## - NOTA GENERAL
Nota general En la portada: Abuso sexual en la niñez. Aportes del feminismo "Backlash". Revinculación síndrome de "Burn-out".¨Protección de persona . Nuevo delito de estrupro
650 #4 - ASIENTO SECUNDARIO DE MATERIA - TERMINO TEMATICO
Término de materia o nombre geográfico como elemento de entrada Abuso sexual de niños
9 (RLIN) 75
650 #4 - ASIENTO SECUNDARIO DE MATERIA - TERMINO TEMATICO
Término de materia o nombre geográfico como elemento de entrada Abuso de niños
9 (RLIN) 71
700 1# - ASIENTO SECUNDARIO--NOMBRE DE PERSONAL
Nombre de persona Bringiotti, María Inés,
Término indicativo de función/relación coaut.
905 ## - TIPO DE MATERIAL
Tipo de material Libro
Holdings
Estado de retiro Estado de pérdida Fuente del sistema de clasificación o colocación Estado dañado No para préstamo Código de colección Localización permanente Ubicación/localización actual Ubicación en estantería Fecha de adquisición Total de préstamos Renovaciones totales Clasificación Código de barras Fecha visto por última vez Fecha del último préstamo Número de copia Tipo de ítem Koha
    Library of Congress Classification     Colección General Bib. Gregorio Torres Quintero Bib. Gregorio Torres Quintero Planta baja 07/11/2023 23 1 HV6570 M3.4 249419 26/03/2026 18/03/2026 1 Libro